| 000 | 01004nam a22003137a 4500 | ||
|---|---|---|---|
| 001 | 000681 | ||
| 003 | DO-SdBPM | ||
| 005 | 20250609125012.0 | ||
| 007 | 000681 | ||
| 008 | 151210b 2011 sp 00| 0 spa d | ||
| 020 | _a9789681907945 | ||
| 040 |
_aDO-SdBPM _bspa _cBPMSU |
||
| 082 | 4 |
_a303.4 _bG453u 2011 _222 |
|
| 100 | 1 |
_aGiddens, Anthony _d1938- |
|
| 240 | 1 | 0 | _aRunaway world |
| 245 | 1 | 0 |
_aUn mundo desbocado _blos efectos de la globalización en nuestras vidas / _cAnthony Giddens ; traducción Pedro Cifuentes |
| 250 | _a | ||
| 260 |
_aMadrid ; _bSantillana ediciones generales ; _bTaurus, _c2011 |
||
| 300 |
_a117 p. ; _c23 cm. |
||
| 490 | 0 | _aPensamiento | |
| 500 | _aIncluye índice analítico. | ||
| 590 | _aInventariado, 2025/VM | ||
| 650 | 4 | _a Cambio social | |
| 650 | 4 |
_aGlobalización _xAspectos sociales |
|
| 650 | 4 |
_aGlobalización _xEnsayos, conferencias, etc |
|
| 700 | 1 |
_aCifuentes, Pedro _etraductor |
|
| 910 | _aVMateo V. Control de calidad. BPMSU | ||
| 942 |
_2ddc _cBK |
||
| 999 |
_c11426 _d11426 |
||